| 000 | 00664nam a2200265Ia 4500 | ||
|---|---|---|---|
| 008 | 170203s9999 xx 000 0 und d | ||
| 020 | _a1844433757 | ||
| 050 | _a709.02 | ||
| 050 | _b.M135h 2005 | ||
| 100 | _aMacdonald, Fiona, 1958- | ||
| 245 | 4 | _aThe Middle Ages / | |
| 245 | _cFiona Macdonald. | ||
| 260 | _aChicago, Ill. : | ||
| 260 | _bRaintree, | ||
| 260 | _c2005 | ||
| 300 | _a48 p. : | ||
| 300 | _bcol. ill. ; | ||
| 300 | _c28 cm. | ||
| 440 | _aHistory in art. | ||
| 500 | _aIncludes index. | ||
| 650 | _aArt, Medieval-- | ||
| 650 | _aCivilization, Medieval-- | ||
| 650 | _xJuvenile literature. | ||
| 650 | _xJuvenile literature. | ||
| 999 |
_c305507 _d305507 |
||